00389nam a2200157Ia 4500008004100000020002200041041000800063082001400071100002100085245002300106250001100129260004900140300001000189500001800199650001400217260520s2012 xx 000 0 und d a978-93-560-6237-5 aeng a915.4/SAR aSaroha, Jitender aGeography of India a3rd ed aNiodabPearson India Edu. S. Pvt. Ltd.c2012 a768p. aCat No: 15063 aGEOGRAPHY